000 00693nam a2200229 i 4500
001 bg
100 1 _aGąsowski, Włodzimierz
_d(1933- )
245 1 0 _aNowoczesna skrajnia pojazdów kolejowych /
_cWłodzimierz Gąsowski, Marek Sobaś.
260 _aPoznań :
_bInstytut Pojazdów Szynowych "Tabor",
_c2005.
300 _a363 s. :
_brys., wykr. ;
_c25 cm.
500 _aStreszcz. pol., niem., ang., ros.
504 _aBibliogr.
650 9 _aPojazdy szynowe
_xmechanika
700 1 _aSOBAŚ, Marek
020 _a8387350362
040 _cBPK
041 0 _apol
_bgerengrus
080 _a629.4:531
920 _a83-87350-36-2
942 _cKS
008 s pl f |000 0 pol
999 _c46900
_d46900
856 _uhttp://koha.tu.koszalin.pl/cgi-bin/koha/opac-detail.pl?biblionumber=46900
_yKatalog online BPK